000 01233nam0a22002891 4500
001 rc\4157028
005 20130415184507.1
035 _a(NLR Aleph) 007994048
090 _a8597726
_c8597726
100 _a20130415d1947 |||y0rusy50 ca
101 0 _arus
102 _aRU
105 _ay z |||||
200 1 _aТиосульфатные соединения некоторых редкоземельных элементов
_e(Представлено акад. В.Г. Хлопиным 23/VII- 1946)
210 _aБ. м.
_cБ. и.
_d1947
215 _a505-508 с.
_d26
300 _aБез тит. л. Описано по 1-й с. текста, на обл. только загл. журн. и указание отт.
300 _aОтт. из: "Доклады Акад. наук СССР". Новая серия. 1947. Т. 55. № 6, с. 505-508
320 _aБиблиогр.: Цитированная литература: с. 508
700 1 _aРябчиков
_bД. И.
_f1904-1965
_gДмитрий Иванович
701 1 _aВолкова
_bВ. Я.
702 1 _aХлопин
_bВ. Г.
_4570
801 0 _aRU
_bNLR
_gpsbo
801 1 _aRU
_bELAR
_2rusmarc
852 _aNLR
_jХ02 Г-8/518
942 _cBOOK
980 _aNB